The experience of discrimination in France / (Record no. 169303)

MARC details
000 -LEADER
fixed length control field 00648nam a22002177a 4500
005 - DATE AND TIME OF LATEST TRANSACTION
control field 20191114130144.0
010 ## - LCCN (DPL NO)
LC control number ENG-126895
020 ## - INTERNATIONAL STANDARD BOOK NUMBER
International Standard Book Number 9789383166275
Terms of availability 825.00
035 ## - SYSTEM CONTROL NUMBER
System control number EN-110427
037 ## - SOURCE OF ACQUISITION
Source of stock number/acquisition DBAD/PUB
082 ## - DEWEY DECIMAL CLASSIFICATION NUMBER
Classification number 305.094
100 ## - MAIN ENTRY--PERSONAL NAME
Personal name Dubet, Francois
245 ## - TITLE STATEMENT
Title The experience of discrimination in France /
Statement of responsibility, etc by Francois Dubet...[et. al]
260 ## - PUBLICATION, DISTRIBUTION, ETC. (IMPRINT)
Place of publication, distribution, etc New Delhi
Name of publisher, distributor, etc Esha Bereille
Date of publication, distribution, etc 2019
270 ## - ADDRESS
Address Social Science Press, 69 Jor Bagh
City New Delhi
Postal code 110003
300 ## - PHYSICAL DESCRIPTION
Extent xi;310p.
Dimensions 22cm(Hb)
700 ## - ADDED ENTRY--PERSONAL NAME
Personal name Cousin, Olivier
700 ## - ADDED ENTRY--PERSONAL NAME
Personal name Mace, Eric
700 ## - ADDED ENTRY--PERSONAL NAME
Personal name Rui, Sandrine
942 ## - ADDED ENTRY ELEMENTS (KOHA)
Source of classification or shelving scheme Dewey Decimal Classification
Item type English Books
Classification part 305.094
Call number suffix THE
Holdings
Withdrawn status Lost status Not for loan Collection code Home library Current library Date acquired Source of acquisition Cost, normal purchase price Full call number Barcode Copy number Cost, replacement price Koha item type
      Non-fiction Sarojini Nagar Sarojini Nagar 14/11/2019 DBAD/PUB 825.00 305.094 THE EN-110427 1 825.00 English Books

© Delhi Public Library
Hit Counter
free hit counter